MARC details
| 000 -CABECERA |
| campo de control de longitud fija |
01428nam a2200289 a 4500 |
| 001 - NÚMERO DE CONTROL |
| campo de control |
000016386 |
| 005 - FECHA Y HORA DE LA ÚLTIMA TRANSACCIÓN |
| campo de control |
20240715140508.0 |
| 008 - DATOS DE LONGITUD FIJA--INFORMACIÓN GENERAL |
| campo de control de longitud fija |
100304s2005 dr ac 001 0 spa d |
| 020 ## - NÚMERO INTERNACIONAL ESTÁNDAR DEL LIBRO |
| Número Internacional Estándar del Libro |
9993424145 |
| 040 ## - FUENTE DE LA CATALOGACIÓN |
| Centro catalogador/agencia de origen |
DO-SdBNP |
| Lengua de catalogación |
spa |
| Centro/agencia transcriptor |
BNPHU |
| 082 ## - NÚMERO DE LA CLASIFICACIÓN DECIMAL DEWEY |
| Número de clasificación |
370.97293 |
| Número de documento/Ítem |
E24c |
| 049 ## - FONDOS LOCALES (OCLC) |
| Fondos de biblioteca |
BNPD |
| 245 00 - MENCIÓN DE TÍTULO |
| Título |
Educación crítica : |
| Resto del título |
retos y aportes para que otro mundo sea posible / |
| Mención de responsabilidad, etc. |
edición Pilar Cachofeiro, Raymundo González. |
| 260 ## - PUBLICACIÓN, DISTRIBUCIÓN, ETC. |
| Lugar de publicación, distribución, etc. |
Santo Domingo : |
| Nombre del editor, distribuidor, etc. |
Centro Cultural Proveda, |
| Fecha de publicación, distribución, etc. |
2005. |
| 300 ## - DESCRIPCIÓN FÍSICA |
| Extensión |
245 p. : |
| Otras características físicas |
il., retrs. ; |
| Dimensiones |
25 cm. |
| 490 1# - MENCIÓN DE SERIE |
| Mención de serie |
Anuarios Pedagógicos |
| Designación de volumen o secuencia |
8 |
| 500 ## - NOTA GENERAL |
| Nota general |
Incluye bibliografía y notas al pie de páginas y al final de capítulos. |
| 520 2# - SUMARIO, ETC. |
| Sumario, etc. |
Se recogen las conferencias, ponencias y comunicaciones presentadas durante el Congreso Pedagógico celebrado en Santo Domingo con motivo de la conmemoración de los 50 años de presencia de la Institución Teresiana en la República Dominicana. |
| 590 ## - NOTA LOCAL (RLIN) |
| Nota local |
Inventariado, 2018/VM |
| 650 #4 - PUNTO DE ACCESO ADICIONAL DE MATERIA--TÉRMINO DE MATERIA |
| Término de materia o nombre geográfico como elemento de entrada |
Educación |
| Subdivisión geográfica |
República Dominicana |
| Subdivisión general |
Congresos, conferencias, etc. |
| 9 (RLIN) |
35900 |
| 650 #4 - PUNTO DE ACCESO ADICIONAL DE MATERIA--TÉRMINO DE MATERIA |
| Término de materia o nombre geográfico como elemento de entrada |
Educación |
| Subdivisión general |
Aspectos sociales |
| Subdivisión geográfica |
República Dominicana |
| Subdivisión general |
Congresos, conferencias, etc. |
| 9 (RLIN) |
36536 |
| 650 #4 - PUNTO DE ACCESO ADICIONAL DE MATERIA--TÉRMINO DE MATERIA |
| Término de materia o nombre geográfico como elemento de entrada |
Desarrollo científico y tecnológico |
| Subdivisión geográfica |
República Dominicana |
| 9 (RLIN) |
11803 |
| 700 1# - PUNTO DE ACCESO ADICIONAL--NOMBRE DE PERSONA |
| Nombre de persona |
Cachofeiro, Pilar, |
| Término indicativo de función/relación |
ed. |
| 9 (RLIN) |
36537 |
| 700 ## - PUNTO DE ACCESO ADICIONAL--NOMBRE DE PERSONA |
| Nombre de persona |
González, Raymundo |
| Término indicativo de función/relación |
ed. |
| 9 (RLIN) |
6373 |
| 830 #0 - PUNTO DE ACCESO ADICIONAL DE SERIE-TÍTULO UNIFORME |
| Título uniforme |
Anuarios Pedagógicos |
| Número de parte o sección de la obra |
8 |
| 9 (RLIN) |
36538 |
| 910 ## - DATOS DE OPCIÓN DEL USUARIO (OCLC) |
| Datos de opción del usuario |
Validado. Control de calidad EMS |